Normal view
MARC view
Entry Personal Name
001 - CONTROL NUMBER
- control field: 76074
003 - CONTROL NUMBER IDENTIFIER
- control field: dpl
005 - DATE AND TIME OF LATEST TRANSACTION
- control field: 20250108114030.0
008 - FIXED-LENGTH DATA ELEMENTS
- fixed length control field: 250108|| aca||aabn | a|a d
040 ## - CATALOGING SOURCE
- Original cataloging agency: dpl
- Transcribing agency: dpl
100 ## - HEADING--PERSONAL NAME
- Personal name: Pathak,Suniti Kumar
670 ## - SOURCE DATA FOUND
- Source citation: Work cat.: (dpl)208189: Pathak,Suniti Kumar, A Descriptive Catalogue of the Tibetan Lhasa: Zhol Edition:, 2014
